Sociálna ochrana v rámci poisťovacieho systému
Sústavy sociálnej ochrany sú budované predovšetkým v rámci práva sociálneho zabezpečenia, v ktorom významné miesto zaujíma poisťovací systém, a to sociálne poistenie a zdravotné poistenie. Sociálno-poisťovací systém v SR ako súčasť systému sociálneho zabezpečenia je v štádiu legislatívnych úprav. Mo...
Salvato in:
| Autore principale: | |
|---|---|
| Natura: | Capitolo di libro |
| Lingua: | slovacco |
| Soggetti: | |
| Tags: |
Nessun Tag, puoi essere il primo ad aggiungerne!!
|
MARC
| LEADER | 00000naa a2200000 4500 | ||
|---|---|---|---|
| 001 | 0129333 | ||
| 005 | 20220913102204.0 | ||
| 041 | 0 | |a slo | |
| 044 | |a SK | ||
| 245 | 1 | 0 | |a Sociálna ochrana v rámci poisťovacieho systému |c Ján Matlák |
| 520 | |a Sústavy sociálnej ochrany sú budované predovšetkým v rámci práva sociálneho zabezpečenia, v ktorom významné miesto zaujíma poisťovací systém, a to sociálne poistenie a zdravotné poistenie. Sociálno-poisťovací systém v SR ako súčasť systému sociálneho zabezpečenia je v štádiu legislatívnych úprav. Model sociálneho poistenia SR, ktorý predstavuje zákon o sociálnom poistení, patrí k liberálnym modelom sociálneho poistenia v EÚ. | ||
| 610 | 2 | 0 | |a ochrana sociálna |
| 610 | 2 | 0 | |a zabezpečenie sociálne |
| 610 | 2 | 0 | |a poistenie sociálne |
| 610 | 2 | 0 | |a Slovensko |
| 100 | 1 | |a Matlák, Ján | |